Never Gonna Give You Up Lyrics - Statistics

General Stats
  • This quiz has been taken 391 times
  • The average score is 43 of 54
Answer Stats
Lyric % Correct
Never gonna give, never gonna {give}
97%
Never gonna give, never gonna {give}
97%
Never gonna {give} {you} {up}
92%
Never gonna {give} {you} {up}
92%
Never gonna {give} {you} {up}
92%
Never gonna {give} {you} {up}
92%
Never gonna {give} {you} {up}
92%
Never gonna {give} {you} {up}
92%
Never gonna {let} {you} {down}
91%
Never gonna {let} {you} {down}
91%
Never gonna {let} {you} {down}
91%
Never gonna {let} {you} {down}
91%
Never gonna {let} {you} {down}
91%
Never gonna {let} {you} {down}
91%
We're no strangers to {love}
91%
Never gonna tell a {lie} and hurt you
88%
Never gonna tell a {lie} and hurt you
88%
Never gonna tell a {lie} and hurt you
88%
Never gonna tell a {lie} and hurt you
88%
Never gonna tell a {lie} and hurt you
88%
And if you ask me how I'm {feeling}
87%
I just wanna tell you how I'm {feeling}
87%
I just wanna tell you how I'm {feeling}
87%
We've known each other for so {long}
85%
We've known each other for so {long}
85%
You know the {rules} and so do I
84%
You wouldn't get this from any other {guy}
84%
Gotta make you {understand}
83%
Gotta make you {understand}
83%
Never gonna {say} {goodbye}
79%
Never gonna {say} {goodbye}
79%
Never gonna {say} {goodbye}
79%
Never gonna {say} {goodbye}
79%
Never gonna {say} {goodbye}
79%
Never gonna {make} {you} {cry}
76%
Never gonna {make} {you} {cry}
76%
Never gonna {make} {you} {cry}
76%
Never gonna {make} {you} {cry}
76%
Never gonna {make} {you} {cry}
76%
Never gonna {make} {you} {cry}
76%
We know the game and we're gonna {play} it
74%
We know the game and we're gonna {play} it
74%
Never gonna {run} {around} {and} {desert} {you}
70%
Never gonna {run} {around} {and} {desert} {you}
70%
Never gonna {run} {around} {and} {desert} {you}
70%
Never gonna {run} {around} {and} {desert} {you}
70%
Never gonna {run} {around} {and} {desert} {you}
70%
Never gonna {run} {around} {and} {desert} {you}
70%
Don't tell me you're too {blind} to see
59%
A full {commitment}'s what I'm thinking of
57%
Your heart's been {aching} but you're too shy to say it
56%
Your heart's been {aching} but you're too shy to say it
56%
{Inside} we both know what's been going on
32%
{Inside} we both know what's been going on
32%
No matching quizzes found
Score Distribution
Percent of People with Each Score
Percentile by Number Answered
Your Score History
You have not taken this quiz